01206nam a22001577a 4500008004100000020001800041050002300059100004700082245006100129250001900190260003800209300004900247505070600296650002101002650002501023130906s2013 mx a 001 0 spa d a9786071509017 4aRA407.A3 bH5 20131 aHigashida Hirose, Bertha Yoshikoe, autor 10aCiencias de la saludc / Bertha Yoshiko Higashida Hirose a7a. edición  aMéxicob : McGraw Hillc , 2013 a456 páginas b : ilustraciones c ; 28 cm.0 aEl hombre, producto de la evolución Conceptos de salud y enfermedad La medicina de ciencia natural y social Factores ecológicos de la salud y la enfermedad Mecanismos de defensa e inmunidad Historia natural de la enfermedad Enfermedad transmisible Invalidez o discapacidad Anatomía y fisiología Sistema óseo, osteología Sindesmología o artrología Sistema muscular Miología Sistema nervioso Órganos de los sentidos y la piel Sistema endocrino Sistema digestivo Sistema circulatorio Sistema respiratorio Sistema urinario Sistema reproductor - hombre - mujer Elementos sexuales - fecundación y nidación Formación de la placenta Embarazo, modificaciones maternas Embarazo gemelar 4aSALUD PÚBLICA  4aFISIOLOGÍA HUMANA